Movies Quiz

Random Movies or Quote Quiz

Follow that Line: Pirates of the Caribbean Quiz Stats

 Plays Quiz Updated Apr 4, 2018

Challenge
Share
Tweet
Embed
Score 0/24 Timer 07:00
18 Plays Today
% Correct
I'd die for her.
92.3%
Human hair....From my back.
91.4%
But you have heard of me.
89.5%
He didn't waste it.
86.6%
Commandeer. We're going to commandeer that ship. Nautical term.
85.4%
Not all treasure is silver and gold, mate.
85.2%
When you marooned me on that god forsaken spit of land, you forgot one very important thing, mate: I'm Captain Jack Sparrow.
85.1%
Give nothin' back!
84.4%
At the moment?
83.6%
It's remarkable how often those two traits coincide.
81.9%
That's not much incentive for me to fight fair, then, is it?
81.7%
We figured they were more actual guidelines.
81%
% Correct
I make a point of avoiding familiarity with pirates.
77.6%
That would be the French.
73%
You can tell them that after they've caught us.
66.4%
So it would seem.
64.3%
Welcome to the Caribbean, love.
62.1%
I said no lies.
59.5%
Well excuse me if we haven't resorted ourselves to the gallows just yet.
59%
That was for the smell.
58.9%
Spiritually, ecumenically, grammatically.
58.1%
Pirate.
56.4%
Just wait, Captain Sparrow. You give it one hour, maybe two; keep a weather eye out and you will see white sails on that horizon.
55.1%
AYE! AVAST
49.5%

You're not logged in!

Compare scores with friends on all Sporcle quizzes.
OR
Log In

You Might Also Like...

Show Comments

Extras

Top Quizzes Today


Score Distribution

Your Account Isn't Verified!

In order to create a playlist on Sporcle, you need to verify the email address you used during registration. Go to your Sporcle Settings to finish the process.

Report this User

Report this user for behavior that violates our Community Guidelines.

Details: